Gelijkheid voor de wet /
محفوظ في:
| المؤلف الرئيسي: | |
|---|---|
| التنسيق: | كتاب |
| اللغة: | الإنجليزية الهولندية |
| الوسوم: |
لا توجد وسوم, كن أول من يضع وسما على هذه التسجيلة!
|
MARC
| LEADER | 00000nam a2200000 4500 | ||
|---|---|---|---|
| 001 | CDOM0000002593 | ||
| 003 | mi | ||
| 005 | 20250925113818.0 | ||
| 008 | 250925b |||||||| |||| 00| 0 eng d | ||
| 040 | |c mi | ||
| 041 | |a dut | ||
| 100 | |a Jepsen, Jorgen | ||
| 245 | 1 | |a Gelijkheid voor de wet / |c Jorgen Jepsen | |
| 942 | |2 ddc |c BK | ||
| 952 | |0 0 |1 0 |2 ddc |4 0 |7 0 |9 6082 |a MI |b MI |d 1988-01-14 |i 776 |l 0 |p CDOM776 |r 2025-07-13 16:28:00 |w 2025-07-13 |x DONO |y BK | ||
| 999 | |c 4857 |d 4857 | ||